[Event "ECCC 2013"]
[Site "Rhodes"]
[Date "2013.10.25"]
[Round "6"]
[White "White, Alastair F"]
[Black "Murchadha, Oissine"]
[Result "0-1"]
[WhiteElo "2093"]
[BlackElo "1861"]
[PlyCount "80"]
[EventDate "2013.10.20"]
[EventType "team"]
[EventRounds "7"]
[EventCountry "GRE"]
[WhiteTeam "Edinburgh Chess Club"]
[BlackTeam "Adare"]

1. e4 c5 2. Nf3 d6 3. d4 cxd4 4. Nxd4 Nf6 5. Nc3 a6 6. h3 e5 7. Nde2 Be6 8. g4
d5 9. g5 Nxe4 10. Nxe4 dxe4 11. Qxd8+ Kxd8 12. Bg2 Nd7 13. Be3 h6 14. gxh6 g6
15. Bxe4 Kc7 16. Nc3 Nf6 17. Bg5 Nxe4 18. Nxe4 Bd5 19. f3 Bxh6 20. Bxh6 Rxh6
21. O-O-O Rd8 22. Rd2 Bxe4 23. fxe4 Rxd2 24. Kxd2 f5 25. exf5 gxf5 26. h4 Kd6
27. Rh3 e4 28. Rb3 Ke5 29. Rxb7 Kf4 30. c4 Kf3 31. Rb3+ Kf2 32. c5 Rh8 33. Rb6
e3+ 34. Kd3 e2 35. Re6 e1=Q 36. Rxe1 Kxe1 37. Ke3 Rxh4 38. a3 Rc4 39. b4 Rc3+
40. Kd4 Rxa3 0-1

[Event "ECCC 2013"]
[Site "Rhodes"]
[Date "2013.10.25"]
[Round "6"]
[White "Seitaj, Ilir"]
[Black "Wegerle, Joerg"]
[Result "1/2-1/2"]
[WhiteElo "2378"]
[BlackElo "2438"]
[PlyCount "103"]
[EventDate "2013.10.20"]
[EventType "team"]
[EventRounds "7"]
[EventCountry "GRE"]
[WhiteTeam "Klubi Sportiv "]
[BlackTeam "Schachgesellschaft Solingen"]

1. e4 c5 2. Nf3 e6 3. c3 Nf6 4. e5 Nd5 5. g3 Nc6 6. Bg2 d6 7. exd6 Bxd6 8. d4
O-O 9. O-O h6 10. c4 Nf6 11. Nc3 cxd4 12. Nxd4 Nxd4 13. Qxd4 e5 14. Qd3 Bc5 15.
Qxd8 Rxd8 16. Be3 Bxe3 17. fxe3 Be6 18. c5 Rac8 19. b4 Nd5 20. Bxd5 Bxd5 21.
Nxd5 Rxd5 22. Rfd1 Rcd8 23. Rxd5 Rxd5 24. Rc1 Kf8 25. a4 Ke7 26. c6 bxc6 27.
Rxc6 a5 28. bxa5 Rxa5 29. Rc4 Kd6 30. Kf2 Kd5 31. Rb4 f5 32. e4+ Kc5 33. Rb7 g6
34. exf5 gxf5 35. Rf7 Rxa4 36. Rxf5 Kd4 37. Rh5 Ra2+ 38. Kf1 Ra6 39. g4 e4 40.
g5 hxg5 41. Rxg5 Kd3 42. Rd5+ Ke3 43. Re5 Rf6+ 44. Ke1 Rh6 45. Ra5 Rxh2 46.
Ra3+ Kf4 47. Rb3 Ra2 48. Kf1 Rd2 49. Ke1 Rd3 50. Rxd3 exd3 51. Kd2 Ke4 52. Kd1
1/2-1/2

[Event "ECCC 2013"]
[Site "Rhodes"]
[Date "2013.10.25"]
[Round "6"]
[White "Mejdini, Murat"]
[Black "Michalczak, Thomas"]
[Result "1/2-1/2"]
[WhiteElo "1977"]
[BlackElo "2305"]
[PlyCount "83"]
[EventDate "2013.10.20"]
[EventType "team"]
[EventRounds "7"]
[EventCountry "GRE"]
[WhiteTeam "Klubi Sportiv "]
[BlackTeam "Schachgesellschaft Solingen"]

1. d4 d5 2. Nf3 Nf6 3. Bf4 c5 4. e3 Nc6 5. c3 Qb6 6. Qb3 c4 7. Qc2 Bf5 8. Qc1
Nh5 9. Bg3 h6 10. Be2 e6 11. Nbd2 Nxg3 12. hxg3 Bd6 13. O-O O-O 14. Re1 e5 15.
dxe5 Bxe5 16. Nd4 Nxd4 17. exd4 Bd6 18. Bf3 Qc6 19. Nf1 Rfe8 20. Qd2 b5 21.
Rxe8+ Rxe8 22. Re1 Rxe1 23. Qxe1 a5 24. a3 b4 25. axb4 axb4 26. Ne3 Be6 27. Qa1
bxc3 28. bxc3 Bc7 29. Qa7 Bd6 30. Qa5 Bc7 31. Bxd5 Bxa5 32. Bxc6 Bxc3 33. d5
Bc8 34. Nxc4 Ba6 35. Nd6 Bb4 36. Nb7 Bxb7 37. Bxb7 Kf8 38. Kf1 Ke7 39. Ke2 Bc5
40. f3 Kd6 41. Bc6 Bb4 42. g4 1/2-1/2

[Event "ECCC 2013"]
[Site "Rhodes"]
[Date "2013.10.25"]
[Round "6"]
[White "Kniest, Oliver"]
[Black "Mihasi, Erald"]
[Result "1-0"]
[WhiteElo "2305"]
[BlackElo "1862"]
[PlyCount "61"]
[EventDate "2013.10.20"]
[EventType "team"]
[EventRounds "7"]
[EventCountry "GRE"]
[WhiteTeam "Schachgesellschaft Solingen"]
[BlackTeam "Klubi Sportiv "]

1. d4 Nf6 2. c4 e5 3. dxe5 Ne4 4. a3 a5 5. Nd2 Nxd2 6. Bxd2 Bc5 7. Nf3 O-O 8.
e3 Nc6 9. Be2 d6 10. Bc3 Bg4 11. exd6 Bxd6 12. h3 Bh5 13. Nd4 Bxe2 14. Qxe2
Nxd4 15. Bxd4 Re8 16. Qg4 Be5 17. Bxe5 Rxe5 18. Rd1 Qf6 19. O-O h6 20. Qd4 Rae8
21. Qc3 Qg6 22. Rd5 Rg5 23. Rxg5 hxg5 24. Qxa5 g4 25. hxg4 Qxg4 26. Qxc7 Re6
27. Qf4 Qh5 28. Qb8+ Kh7 29. Qh2 Qxh2+ 30. Kxh2 Kg6 31. Rd1 1-0

[Event "ECCC 2013"]
[Site "Rhodes"]
[Date "2013.10.25"]
[Round "6"]
[White "Nyysti, Sampsa"]
[Black "Jones, Iolo C"]
[Result "1-0"]
[WhiteElo "2358"]
[BlackElo "2190"]
[PlyCount "57"]
[EventDate "2013.10.20"]
[EventType "team"]
[EventRounds "7"]
[EventCountry "GRE"]
[WhiteTeam "Chess Club Velhot"]
[BlackTeam "Cardigan"]

1. e4 e5 2. Nf3 Nf6 3. d4 Nxe4 4. Bd3 d5 5. Nxe5 Nd7 6. O-O Nxe5 7. dxe5 Nc5 8.
Nc3 c6 9. Ne2 Qc7 10. f4 Bd7 11. Be3 Na4 12. Rb1 c5 13. b3 Nb6 14. c4 O-O-O 15.
Qc2 g6 16. Rfc1 dxc4 17. bxc4 Be6 18. Be4 Rd7 19. a4 Qb8 20. Qb3 Kd8 21. a5 Nc8
22. Bc6 Rc7 23. Rd1+ Bd7 24. Bxd7 Rxd7 25. Rxd7+ Kxd7 26. Qb5+ Kc7 27. Rd1 Qa8
28. Rd7+ Kb8 29. a6 1-0

[Event "ECCC 2013"]
[Site "Rhodes"]
[Date "2013.10.25"]
[Round "6"]
[White "Paakkonen, Timo"]
[Black "Van Kemenade, Rudy"]
[Result "1-0"]
[WhiteElo "2290"]
[BlackElo "2031"]
[PlyCount "53"]
[EventDate "2013.10.20"]
[EventType "team"]
[EventRounds "7"]
[EventCountry "GRE"]
[WhiteTeam "Chess Club Velhot"]
[BlackTeam "Cardigan"]

1. e4 e5 2. Nf3 Nf6 3. Nc3 Bb4 4. Nxe5 O-O 5. Be2 Re8 6. Nd3 Bxc3 7. dxc3 Nxe4
8. Nf4 c6 9. c4 d6 10. O-O a5 11. Be3 Na6 12. Re1 Qf6 13. c3 Nec5 14. Qd2 Ne4
15. Qd1 Nec5 16. Nh5 Qg6 17. Ng3 Qf6 18. Qd2 Qe7 19. Rad1 Rd8 20. Bf3 Be6 21.
Bf4 Qd7 22. Bxd6 Bxc4 23. b3 Be6 24. Qe3 Nxb3 25. axb3 Bxb3 26. Rd4 f6 27. Be7
1-0

[Event "ECCC 2013"]
[Site "Rhodes"]
[Date "2013.10.25"]
[Round "6"]
[White "Grant, Jonathan I M"]
[Black "Salihu, Sami"]
[Result "1-0"]
[WhiteElo "2236"]
[BlackElo "2215"]
[PlyCount "27"]
[EventDate "2013.10.20"]
[EventType "team"]
[EventRounds "7"]
[EventCountry "GRE"]
[WhiteTeam "Edinburgh West Chess Club"]
[BlackTeam "Istogu Chess Club"]

1. c4 e5 2. g3 Nf6 3. Bg2 d5 4. cxd5 Nxd5 5. Nc3 Be6 6. Nf3 Nc6 7. O-O Be7 8.
d4 exd4 9. Nxd4 Nxd4 10. Qxd4 Nxc3 11. Qxc3 Bf6 12. Qb4 b6 13. Bc6+ Bd7 14.
Qe4+ 1-0

[Event "ECCC 2013"]
[Site "Rhodes"]
[Date "2013.10.25"]
[Round "6"]
[White "Neave, George"]
[Black "Sadiku, Bedri"]
[Result "0-1"]
[WhiteElo "2151"]
[BlackElo "2267"]
[PlyCount "118"]
[EventDate "2013.10.20"]
[EventType "team"]
[EventRounds "7"]
[EventCountry "GRE"]
[WhiteTeam "Edinburgh West Chess Club"]
[BlackTeam "Istogu Chess Club"]

1. e4 e5 2. Nf3 Qe7 3. Bc4 d6 4. d4 h6 5. O-O Nf6 6. Nc3 c6 7. h3 b5 8. Bd3 a6
9. a4 Bb7 10. Ne2 Qc7 11. Ng3 exd4 12. e5 dxe5 13. Nxe5 Bd6 14. Ng4 Nbd7 15.
Re1+ Kf8 16. Nf5 Re8 17. Rxe8+ Nxe8 18. Nxd4 h5 19. Ne3 Ne5 20. Bf1 g6 21. b3
Nf6 22. Bb2 c5 23. Ndf5 gxf5 24. Nxf5 Be7 25. Qe2 Be4 26. Ng3 Nf3+ 27. gxf3 Bc6
28. axb5 axb5 29. Be5 Qc8 30. h4 Rg8 31. Re1 Qd7 32. Bf4 Rg6 33. Bg5 Ng8 34.
Bxe7+ Nxe7 35. Bg2 Re6 36. Qd1 Rxe1+ 37. Qxe1 Ng6 38. Nxh5 Nxh4 39. Qc1 Qd6 40.
Qe3 Nf5 41. Qg5 Nd4 42. Qg7+ Ke7 43. Ng3 Qf4 44. Ne4 Bxe4 45. fxe4 b4 46. e5
Nxc2 47. e6 Kxe6 48. Bf1 Nd4 49. Bc4+ Ke7 50. Qh8 Nf3+ 51. Kg2 Qg4+ 52. Kf1
Nd2+ 53. Ke1 Nxc4 54. bxc4 Qe4+ 55. Kf1 Qxc4+ 56. Kg1 b3 57. Qe5+ Kd7 58. Qf5+
Kc7 59. Qe5+ Kb6 0-1

[Event "ECCC 2013"]
[Site "Rhodes"]
[Date "2013.10.25"]
[Round "6"]
[White "Welz, Thomas"]
[Black "Pedersen, Nicolai Vesterbaek"]
[Result "1-0"]
[WhiteElo "2207"]
[BlackElo "2397"]
[PlyCount "82"]
[EventDate "2013.10.20"]
[EventType "team"]
[EventRounds "7"]
[EventCountry "GRE"]
[WhiteTeam "Chess Club Eppingen"]
[BlackTeam "Nordea Skanderborg"]

1. Nf3 d5 2. d4 e6 3. e3 g6 4. h4 Nf6 5. Bd3 Nbd7 6. Nbd2 c5 7. c3 Qc7 8. Qe2
b6 9. e4 Bb7 10. e5 Nh5 11. g3 O-O-O 12. Ng5 Nb8 13. Ndf3 Nc6 14. Bd2 Ng7 15.
Rc1 Kb8 16. Kf1 a5 17. Kg2 Ka7 18. a3 Nf5 19. h5 Qd7 20. g4 Nh6 21. Kg3 cxd4
22. cxd4 f6 23. Rxc6 Bxc6 24. exf6 Nxg4 25. hxg6 Nxf6 26. Ne5 Bd6 27. Ngf7 Rhg8
28. Bg5 Qxf7 29. gxf7 Rxg5+ 30. Kh4 Bxe5 31. Kxg5 Bxd4 32. Rh4 Ne4+ 33. Bxe4
dxe4 34. Qc4 Bc5 35. Rf4 Bd5 36. Qb5 Bf8 37. Qe8 Rb8 38. Kf6 Kb7 39. Rg4 Bc5
40. Rg8 Bd6 41. Qxb8+ Bxb8 1-0

[Event "ECCC 2013"]
[Site "Rhodes"]
[Date "2013.10.25"]
[Round "6"]
[White "Dekan, Hans"]
[Black "Munk, Kai"]
[Result "1-0"]
[WhiteElo "2172"]
[BlackElo "2033"]
[PlyCount "83"]
[EventDate "2013.10.20"]
[EventType "team"]
[EventRounds "7"]
[EventCountry "GRE"]
[WhiteTeam "Chess Club Eppingen"]
[BlackTeam "Nordea Skanderborg"]

1. e4 g6 2. d4 Bg7 3. Nf3 d6 4. h3 Nf6 5. Nc3 O-O 6. Bc4 Nc6 7. d5 Nb8 8. O-O
e5 9. dxe6 Bxe6 10. Bxe6 fxe6 11. Qe2 e5 12. Qc4+ Kh8 13. Ng5 Qe7 14. Nd5 Nxd5
15. exd5 Rc8 16. f4 Nd7 17. fxe5 Nxe5 18. Qh4 h5 19. Nf7+ Qxf7 20. Rxf7 Nxf7
21. Bg5 Re8 22. Bf6 Nh6 23. Rf1 Rg8 24. Qg5 Kh7 25. Bc3 Rae8 26. Rf3 Bxc3 27.
Rxc3 Rg7 28. Re3 Nf7 29. Qf4 Ne5 30. Qa4 Ra8 31. Qb5 Rb8 32. Ra3 Rf7 33. Rxa7
c6 34. dxc6 Nxc6 35. Ra4 Rf5 36. Qb6 Rf7 37. Qb3 Re7 38. Qd5 Rd8 39. Rf4 Kg7
40. b4 Rdd7 41. b5 Re5 42. bxc6 1-0

[Event "ECCC 2013"]
[Site "Rhodes"]
[Date "2013.10.25"]
[Round "6"]
[White "Bjerre, Tavs"]
[Black "Reimold, Jonas"]
[Result "1-0"]
[WhiteElo "2019"]
[BlackElo "2037"]
[PlyCount "129"]
[EventDate "2013.10.20"]
[EventType "team"]
[EventRounds "7"]
[EventCountry "GRE"]
[WhiteTeam "Nordea Skanderborg"]
[BlackTeam "Chess Club Eppingen"]

1. d4 f5 2. Bg5 g6 3. h4 Bg7 4. e3 c5 5. c3 Qb6 6. Qb3 Nc6 7. Nf3 Qxb3 8. axb3
b6 9. dxc5 bxc5 10. Nbd2 e5 11. h5 h6 12. Bh4 g5 13. Bg3 f4 14. exf4 exf4 15.
Bh2 Rb8 16. Bd3 Nge7 17. Ne4 Rxb3 18. O-O-O Rf8 19. Rhe1 Kd8 20. Bc4 Rb6 21.
Nxc5 Kc7 22. g3 g4 23. gxf4 Rf5 24. Ne5 Nxe5 25. fxe5 Kc6 26. Na4 Rb7 27. Rd6+
Kc7 28. e6 Kd8 29. Bg3 Rxh5 30. Ba6 Rc7 31. Red1 Be5 32. Bxe5 Rxe5 33. Bxc8
Kxc8 34. exd7+ Kd8 35. Rxh6 Rxd7 36. Rxd7+ Kxd7 37. b4 Nd5 38. Kd2 Rf5 39. Nc5+
Kc7 40. Nd3 Nf6 41. Rg6 Rf3 42. Ke2 Rf5 43. c4 Kb7 44. Nc5+ Kc7 45. Rg7+ Kb8
46. Rf7 Kc8 47. Rxa7 Nh5 48. Ne4 Re5 49. Kd3 Re6 50. Rh7 Nf4+ 51. Ke3 Ng2+ 52.
Kd4 Ne1 53. b5 Nf3+ 54. Kd5 Re5+ 55. Kc6 Nd4+ 56. Kb6 Rxe4 57. c5 Re8 58. c6
Rf8 59. Rc7+ Kb8 60. Rb7+ Ka8 61. Ra7+ Kb8 62. c7+ Kc8 63. Ra8+ Kd7 64. Rxf8
Ne6 65. c8=Q+ 1-0

[Event "ECCC 2013"]
[Site "Rhodes"]
[Date "2013.10.25"]
[Round "6"]
[White "Gass, Ulrich"]
[Black "Bjerre, Jonas"]
[Result "1-0"]
[WhiteElo "2116"]
[BlackElo "1792"]
[PlyCount "57"]
[EventDate "2013.10.20"]
[EventType "team"]
[EventRounds "7"]
[EventCountry "GRE"]
[WhiteTeam "Chess Club Eppingen"]
[BlackTeam "Nordea Skanderborg"]

1. e4 c5 2. Nf3 e6 3. c3 Nf6 4. e5 Nd5 5. d4 cxd4 6. cxd4 b6 7. Bc4 Bb7 8. Bxd5
Bxd5 9. Nc3 Bb7 10. O-O Be7 11. d5 exd5 12. Nxd5 O-O 13. Nxe7+ Qxe7 14. Bg5 Qe6
15. Re1 Na6 16. Re3 h6 17. Bh4 Rac8 18. Nd4 Qd5 19. Qg4 Rc4 20. Bf6 g6 21. Rh3
Rfc8 22. Rf1 Rc1 23. Rxh6 Rxf1+ 24. Kxf1 Rc1+ 25. Ke2 Qc4+ 26. Kd2 Rd1+ 27.
Kxd1 Qf1+ 28. Kd2 Qxf2+ 29. Ne2 1-0

[Event "ECCC 2013"]
[Site "Rhodes"]
[Date "2013.10.25"]
[Round "6"]
[White "Young, Alan"]
[Black "Driessens, Patrick"]
[Result "0-1"]
[WhiteElo "2029"]
[BlackElo "2311"]
[PlyCount "54"]
[EventDate "2013.10.20"]
[EventType "team"]
[EventRounds "7"]
[EventCountry "GRE"]
[WhiteTeam "White Knights Chess Club"]
[BlackTeam "SV Voerendaal / KNSB"]

1. e4 e6 2. d4 d5 3. Nc3 Be7 4. e5 c5 5. Qg4 g5 6. dxc5 h5 7. Qd1 Nc6 8. Nf3 g4
9. Nd4 Nxe5 10. Ndb5 a6 11. Nd6+ Bxd6 12. cxd6 Qxd6 13. Be3 Bd7 14. Qd2 O-O-O
15. O-O-O f6 16. Be2 Qc7 17. h3 Ne7 18. hxg4 Nxg4 19. Bxg4 hxg4 20. Rh6 Rxh6
21. Bxh6 Nf5 22. Bf4 Qc6 23. Bh2 d4 24. Ne2 e5 25. Ng3 Nd6 26. f4 Nc4 27. Qd3
Ne3 0-1

[Event "ECCC 2013"]
[Site "Rhodes"]
[Date "2013.10.25"]
[Round "6"]
[White "Ciornei, Dragos"]
[Black "Hewitt, William"]
[Result "1-0"]
[WhiteElo "2167"]
[BlackElo "2069"]
[PlyCount "67"]
[EventDate "2013.10.20"]
[EventType "team"]
[EventRounds "7"]
[EventCountry "GRE"]
[WhiteTeam "SV Voerendaal / KNSB"]
[BlackTeam "White Knights Chess Club"]

1. e4 c5 2. Nf3 Nc6 3. d4 cxd4 4. Nxd4 Nf6 5. Nc3 d6 6. Bc4 Qb6 7. Nb3 e6 8.
O-O Be7 9. Bd3 O-O 10. Kh1 Bd7 11. f4 Qc7 12. Qe2 Rac8 13. Bd2 a6 14. Rae1 e5
15. Nd5 Qd8 16. Nxe7+ Qxe7 17. fxe5 dxe5 18. Bg5 Nb4 19. Bxf6 gxf6 20. Qf2 Be6
21. Re3 Kh8 22. Rf3 Rg8 23. Rxf6 Nxa2 24. Qh4 Nb4 25. Nc1 Nxc2 26. Qh5 Nb4 27.
Qxe5 Nc6 28. Rxe6+ Nxe5 29. Rxe7 Nxd3 30. Nxd3 Rc2 31. Rfxf7 Rgxg2 32. Rf8+ Rg8
33. Rxg8+ Kxg8 34. Rxb7 1-0

[Event "ECCC 2013"]
[Site "Rhodes"]
[Date "2013.10.25"]
[Round "6"]
[White "Garcia, Jason"]
[Black "Merx, Bob"]
[Result "1/2-1/2"]
[WhiteElo "2044"]
[BlackElo "2129"]
[PlyCount "110"]
[EventDate "2013.10.20"]
[EventType "team"]
[EventRounds "7"]
[EventCountry "GRE"]
[WhiteTeam "White Knights Chess Club"]
[BlackTeam "SV Voerendaal / KNSB"]

1. e4 e5 2. Nf3 Nc6 3. d4 exd4 4. Nxd4 Nf6 5. Nxc6 bxc6 6. e5 Qe7 7. Qe2 Nd5 8.
c4 Nb6 9. Nc3 a5 10. b3 a4 11. Rb1 axb3 12. axb3 Ra5 13. f4 Qe6 14. Qe4 Bb4 15.
Bd2 O-O 16. Bd3 f5 17. exf6 Qxe4+ 18. Nxe4 Bxd2+ 19. Kxd2 Ra2+ 20. Bc2 d5 21.
Nc3 Rxc2+ 22. Kxc2 Bf5+ 23. Kd2 Bxb1 24. Rxb1 Rxf6 25. cxd5 cxd5 26. Ne2 c5 27.
g3 Nd7 28. Nc3 Rb6 29. Kc2 Nf6 30. Re1 Kf7 31. Re5 Rd6 32. h3 Re6 33. Rxe6 Kxe6
34. Kd3 Nh5 35. Ne2 g6 36. Ke3 Ng7 37. g4 Kd6 38. Kd3 Ne6 39. Ke3 Nd8 40. Kd3
Nc6 41. Kc3 Nb4 42. Ng3 Nc6 43. Ne2 d4+ 44. Kd2 Kd5 45. Ng3 Na5 46. Kc2 Nb7 47.
h4 Nd6 48. Kd3 Nf7 49. Ne4 h6 50. Nf6+ Kc6 51. b4 cxb4 52. Kxd4 Kb5 53. Nd5 b3
54. Kc3 Kc5 55. Ne7 h5 1/2-1/2

[Event "ECCC 2013"]
[Site "Rhodes"]
[Date "2013.10.25"]
[Round "6"]
[White "Zimmermann, Luc"]
[Black "May, Adam J"]
[Result "1-0"]
[WhiteElo "2102"]
[BlackElo "1888"]
[PlyCount "105"]
[EventDate "2013.10.20"]
[EventType "team"]
[EventRounds "7"]
[EventCountry "GRE"]
[WhiteTeam "SV Voerendaal / KNSB"]
[BlackTeam "White Knights Chess Club"]

1. e4 c6 2. d4 d5 3. Nc3 dxe4 4. Nxe4 Bf5 5. Ng3 Bg6 6. h4 h6 7. Nf3 Nd7 8. h5
Bh7 9. Bd3 Bxd3 10. Qxd3 e6 11. Bf4 Qa5+ 12. Bd2 Bb4 13. c3 Be7 14. c4 Qc7 15.
O-O-O Ngf6 16. Kb1 O-O 17. Rhe1 Rfd8 18. Qe2 a5 19. Ne5 Nxe5 20. dxe5 Nd7 21.
f4 Nc5 22. Ne4 Nd3 23. Rf1 b5 24. Bc3 bxc4 25. Nd2 Nb4 26. Bxb4 Bxb4 27. Nxc4
Rd5 28. Ne3 Rb5 29. Rd3 Bc5 30. Nc4 Be7 31. Rfd1 Rd5 32. Ne3 Rxd3 33. Rxd3 Rd8
34. Qd2 Kf8 35. Nc4 Rxd3 36. Qxd3 f5 37. exf6 Bxf6 38. g3 Be7 39. Ne5 Bf6 40.
Nd7+ Ke7 41. Nxf6 gxf6 42. Qh7+ Kd6 43. Qxh6 Qb6 44. Qf8+ Kd5 45. a3 Qg1+ 46.
Ka2 Qc1 47. Qd8+ Ke4 48. Qb6 Kf3 49. Qb3+ Kg4 50. h6 Qh1 51. Qxe6+ Kxg3 52.
Qg8+ Kxf4 53. h7 1-0

[Event "ECCC 2013"]
[Site "Rhodes"]
[Date "2013.10.25"]
[Round "6"]
[White "Guy, David"]
[Black "Winkels, Marcel"]
[Result "0-1"]
[WhiteElo "1964"]
[BlackElo "2002"]
[PlyCount "90"]
[EventDate "2013.10.20"]
[EventType "team"]
[EventRounds "7"]
[EventCountry "GRE"]
[WhiteTeam "White Knights Chess Club"]
[BlackTeam "SV Voerendaal / KNSB"]

1. d4 Nf6 2. c4 c5 3. d5 b5 4. cxb5 a6 5. bxa6 g6 6. Nc3 Bxa6 7. Nf3 d6 8. e4
Bxf1 9. Kxf1 Nbd7 10. g3 Bg7 11. Kg2 O-O 12. Qc2 Ng4 13. a4 Nge5 14. Nd2 Nb6
15. Nb5 e6 16. f4 Ng4 17. Nc4 exd5 18. Ncxd6 dxe4 19. Qxe4 Nf6 20. Qc2 Qd7 21.
h3 Qc6+ 22. Kh2 Rfd8 23. Nc4 Nfd5 24. Nxb6 Nxb6 25. Ra3 Nxa4 26. Rxa4 Qxb5 27.
Rxa8 Rxa8 28. Re1 Rd8 29. b3 Bd4 30. Bd2 Bf2 31. Re5 Qf1 32. Qc1 Qd3 33. Be3
Qe2 34. Bxf2 Qxf2+ 35. Kh1 Qxg3 36. Rxc5 Qxh3+ 37. Kg1 Qg4+ 38. Kf2 Re8 39. Qc4
Qh4+ 40. Kg2 Qg4+ 41. Kf2 Qh3 42. b4 Qh2+ 43. Kf3 Qh1+ 44. Kf2 Qe1+ 45. Kf3
Re3+ 0-1

[Event "ECCC 2013"]
[Site "Rhodes"]
[Date "2013.10.25"]
[Round "6"]
[White "Morren, Eric-Jan"]
[Black "Evans, Nicholas Thomas"]
[Result "0-1"]
[WhiteElo "1779"]
[BlackElo "1778"]
[PlyCount "110"]
[EventDate "2013.10.20"]
[EventType "team"]
[EventRounds "7"]
[EventCountry "GRE"]
[WhiteTeam "SV Voerendaal / KNSB"]
[BlackTeam "White Knights Chess Club"]

1. c4 e5 2. g3 g6 3. Bg2 Bg7 4. Nc3 d6 5. e4 f5 6. d3 Nf6 7. exf5 Bxf5 8. Bxb7
Nbd7 9. Ne4 Rb8 10. Bc6 O-O 11. Rb1 Rb6 12. Nxf6+ Qxf6 13. Bd5+ Kh8 14. Be3 Nc5
15. Bxc5 dxc5 16. f3 Rd6 17. Qe2 Bxd3 18. Qxd3 c6 19. Rd1 Rfd8 20. Qe4 cxd5 21.
Rxd5 Rxd5 22. cxd5 Qf7 23. Ne2 Rxd5 24. O-O Rd2 25. f4 exf4 26. Rxf4 Qxa2 27.
Qe7 h6 28. Re4 Qxb2 29. Kf2 Qf6+ 30. Qxf6 Bxf6 31. Ra4 Rd7 32. Nf4 Kg7 33. Kf3
Kf7 34. Ra6 c4 35. Ke4 c3 36. Nd5 Bg7 37. Rc6 a5 38. Nxc3 Bxc3 39. Rxc3 a4 40.
h4 Ra7 41. Ra3 Ke6 42. g4 Ra5 43. Kd4 h5 44. Ke4 hxg4 45. Kf4 Kd5 46. Kg5 Ra6
47. Kxg4 Kc4 48. Kg5 Kb4 49. Ra1 a3 50. Rb1+ Kc3 51. Ra1 Kb2 52. Rf1 Rc6 53.
Rf8 Rc4 54. Rf6 a2 55. Rb6+ Ka3 0-1

[Event "ECCC 2013"]
[Site "Rhodes"]
[Date "2013.10.25"]
[Round "6"]
[White "Mavreas, Dimitrios"]
[Black "Boemelburg, Raphael"]
[Result "1/2-1/2"]
[WhiteElo "1996"]
[BlackElo "1989"]
[PlyCount "135"]
[EventDate "2013.10.20"]
[EventType "team"]
[EventRounds "7"]
[EventCountry "GRE"]
[WhiteTeam "Ippotis Rodou"]
[BlackTeam "SV Muelheim Nord 1931"]

1. c4 Nf6 2. g3 e5 3. Bg2 Nc6 4. Nc3 g6 5. Nf3 Bg7 6. O-O O-O 7. d3 d6 8. Rb1
Bg4 9. b4 Qc8 10. Re1 Ne7 11. b5 Nh5 12. Qb3 h6 13. Ba3 Bh3 14. Bh1 Be6 15. Nd5
Nxd5 16. cxd5 Bh3 17. Rbc1 Qd7 18. Rc4 Bf6 19. Rec1 Rfc8 20. Bb2 Kg7 21. a4 Nf4
22. R4c2 g5 23. e3 Ng6 24. Rc4 h5 25. Qc2 Bd8 26. Nd2 g4 27. d4 f6 28. Qb3 h4
29. a5 hxg3 30. hxg3 b6 31. axb6 axb6 32. Ra4 Qf5 33. Ra6 Nf8 34. Qc2 Qh5 35.
Qc6 Rab8 36. Ra7 Kh6 37. Qc2 Nh7 38. dxe5 fxe5 39. Qc6 Nf6 40. Ne4 Kg6 41. Nxf6
Kxf6 42. Be4 Ke7 43. Ba3 Qh6 44. Bb4 Qf6 45. Rca1 Kf8 46. Qd7 Qe7 47. Bf5 Qf6
48. Qe6 Qxe6 49. Bxe6 Ke7 50. e4 Kf6 51. Bxc8 Rxc8 52. Ra8 Rxa8 53. Rxa8 Ke7
54. Bd2 Kd7 55. Kh2 Bf1 56. Ra4 Bxb5 57. Rb4 Be2 58. Be3 Bf3 59. Kg1 Kc8 60.
Kf1 Kb7 61. Rc4 Bf6 62. Ke1 Be7 63. Kd2 Bf6 64. Bh6 Be7 65. Ke3 Kb8 66. Ra4 Kb7
67. Ra1 Kb8 68. Ra4 1/2-1/2

[Event "ECCC 2013"]
[Site "Rhodes"]
[Date "2013.10.25"]
[Round "6"]
[White "Grodotzki, Kenneth"]
[Black "Rousos, Stamatios"]
[Result "1-0"]
[WhiteElo "1979"]
[BlackElo "1369"]
[PlyCount "65"]
[EventDate "2013.10.20"]
[EventType "team"]
[EventRounds "7"]
[EventCountry "GRE"]
[WhiteTeam "SV Muelheim Nord 1931"]
[BlackTeam "Ippotis Rodou"]

1. e4 c5 2. Nf3 d6 3. Nc3 Nf6 4. d4 cxd4 5. Nxd4 Nc6 6. Bg5 e5 7. Nf3 Be6 8.
Be2 Be7 9. O-O O-O 10. Qd2 h6 11. Bxf6 Bxf6 12. Rad1 Be7 13. Nd5 Bxd5 14. Qxd5
Rc8 15. c3 a6 16. Ne1 Qb6 17. Qb3 Qxb3 18. axb3 Na5 19. b4 Nc4 20. b3 Nb6 21.
c4 Nd7 22. Bg4 Rc7 23. Bxd7 Rxd7 24. Nc2 Bg5 25. g3 Re8 26. h4 Bd8 27. Ne3 b5
28. c5 Bc7 29. Rd5 g6 30. Rfd1 Red8 31. Ng4 Kg7 32. Nxe5 Re7 33. Nc6 1-0

[Event "ECCC 2013"]
[Site "Rhodes"]
[Date "2013.10.26"]
[Round "7"]
[White "Zhigalko, Andrey"]
[Black "Navara, David"]
[Result "1/2-1/2"]
[WhiteElo "2615"]
[BlackElo "2703"]
[PlyCount "86"]
[EventDate "2013.10.20"]
[EventType "team"]
[EventRounds "7"]
[EventCountry "GRE"]
[WhiteTeam "Minsk"]
[BlackTeam "G-Team Novy Bor"]

1. e4 e5 2. Nf3 Nc6 3. Bb5 Nf6 4. d3 Bc5 5. c3 O-O 6. O-O Re8 7. Re1 a6 8. Ba4
b5 9. Bb3 d6 10. Nbd2 Bb6 11. Nf1 Ne7 12. Ng5 Rf8 13. h3 Ng6 14. Ng3 h6 15. Nf3
Re8 16. a4 Bd7 17. d4 Rb8 18. axb5 axb5 19. Be3 c5 20. dxe5 dxe5 21. c4 Qc8 22.
cxb5 c4 23. Rc1 Bxb5 24. Bxb6 Rxb6 25. Qc2 Rc6 26. Ba4 Bxa4 27. Qxa4 Nf4 28.
Re3 Rc5 29. Rec3 Nd3 30. R1c2 Qb7 31. b4 cxb3 32. Rxc5 bxc2 33. Rxc2 Ra8 34.
Qc4 Qa6 35. Qxa6 Rxa6 36. Rc8+ Kh7 37. Rc7 Ra1+ 38. Kh2 Nxf2 39. Rxf7 N6xe4 40.
Nxe5 h5 41. Nxe4 Rh1+ 42. Kg3 Nxe4+ 43. Kf4 Nf6 1/2-1/2

[Event "ECCC 2013"]
[Site "Rhodes"]
[Date "2013.10.26"]
[Round "7"]
[White "Wojtaszek, Radoslaw"]
[Black "Kovalev, Vladislav"]
[Result "1/2-1/2"]
[WhiteElo "2698"]
[BlackElo "2563"]
[PlyCount "80"]
[EventDate "2013.10.20"]
[EventType "team"]
[EventRounds "7"]
[EventCountry "GRE"]
[WhiteTeam "G-Team Novy Bor"]
[BlackTeam "Minsk"]

1. d4 Nf6 2. c4 g6 3. Nc3 d5 4. Bg5 Ne4 5. Bh4 Nxc3 6. bxc3 Bg7 7. e3 c5 8.
cxd5 Qxd5 9. Nf3 Nc6 10. Be2 O-O 11. O-O cxd4 12. cxd4 e5 13. dxe5 Qxd1 14.
Rfxd1 Nxe5 15. Nd4 Bd7 16. Rab1 b6 17. Rbc1 Ba4 18. Rf1 Nd7 19. Rc4 Nc5 20. Be7
Rfe8 21. Bf3 Rac8 22. Bxc5 bxc5 23. Rfc1 Bd7 24. Nb3 Bb2 25. Rd1 Be6 26. Rxc5
Bxb3 27. Rxc8 Rxc8 28. axb3 Rc1 29. g3 Rxd1+ 30. Bxd1 g5 31. Kg2 Ba3 32. Kf3
Bc5 33. Kg4 h6 34. Kf5 Kg7 35. Be2 Bb6 36. h4 f6 37. h5 Bc5 38. Bc4 Bb6 39. Ke4
Bc5 40. f4 Bb6 1/2-1/2

[Event "ECCC 2013"]
[Site "Rhodes"]
[Date "2013.10.26"]
[Round "7"]
[White "Stupak, Kirill"]
[Black "Laznicka, Viktor"]
[Result "0-1"]
[WhiteElo "2487"]
[BlackElo "2666"]
[PlyCount "62"]
[EventDate "2013.10.20"]
[EventType "team"]
[EventRounds "7"]
[EventCountry "GRE"]
[WhiteTeam "Minsk"]
[BlackTeam "G-Team Novy Bor"]

1. d4 d5 2. Nf3 Nf6 3. c4 dxc4 4. e3 e6 5. Bxc4 a6 6. a3 Nbd7 7. b4 Bd6 8. Bb2
Qe7 9. Ne5 O-O 10. Nd2 Nb6 11. Be2 Rd8 12. Qc2 Bd7 13. Nxd7 Nbxd7 14. Nc4 c6
15. Nxd6 Qxd6 16. O-O Nd5 17. g3 f5 18. Rfe1 Rf8 19. Bf1 Rf7 20. Rab1 Raf8 21.
Bc1 h5 22. a4 b5 23. Bd2 e5 24. dxe5 Nxe5 25. Be2 h4 26. Red1 hxg3 27. hxg3 g5
28. Bc3 f4 29. e4 fxg3 30. fxg3 Nf3+ 31. Bxf3 Rxf3 0-1